[Event "DEM U10 2021"]
[Site "Willingen GER"]
[Date "2021.08.28"]
[Round "9"]
[White "Payyappat, Sayas"]
[Black "Rodriguez Klasen, Ennio"]
[Result "0-1"]
[Termination "normal"]
[Board "12"]
[WhiteElo "1233"]
[BlackElo "1341"]
[WhiteClock "00:32:57"]
[BlackClock "00:05:56"]
[PlyCount "146"]
[WhiteFideId "25659260"]
[BlackFideId "16277414"]
[EventCountry "GER"]
[EventRounds "11"]
[EventType "swiss"]
[EventDate "2021.08.22"]

1. b3 {[%clk 01:15:57]} {[%emt 00:00:04]} e5 {[%clk 01:15:40]} {[%emt
00:00:20]} 2. Bb2 {[%clk 01:15:46]} {[%emt 00:00:41]} Nc6 {[%clk 01:15:48]}
{[%emt 00:00:21]} 3. e3 {[%clk 01:15:16]} {[%emt 00:01:00]} d6 {[%clk
01:08:51]} {[%emt 00:07:28]} 4. d4 {[%clk 01:14:27]} {[%emt 00:01:17]} exd4
{[%clk 01:01:39]} {[%emt 00:07:44]} 5. exd4 {[%clk 01:13:52]} {[%emt 00:01:04]}
d5 {[%clk 01:01:04]} {[%emt 00:01:06]} 6. Nf3 {[%clk 01:09:33]} {[%emt
00:04:48]} Be6 {[%clk 00:57:58]} {[%emt 00:03:37]} 7. Be2 {[%clk 01:04:33]}
{[%emt 00:05:30]} Nf6 {[%clk 00:57:02]} {[%emt 00:01:26]} 8. O-O {[%clk
01:03:57]} {[%emt 00:01:06]} h6 {[%clk 00:55:48]} {[%emt 00:01:45]} 9. c4
{[%clk 01:03:32]} {[%emt 00:00:54]} Be7 {[%clk 00:54:02]} {[%emt 00:02:15]} 10.
Nc3 {[%clk 01:00:26]} {[%emt 00:03:35]} Bb4 {[%clk 00:51:54]} {[%emt 00:02:40]}
11. Re1 {[%clk 00:59:20]} {[%emt 00:01:35]} O-O {[%clk 00:51:18]} {[%emt
00:01:07]} 12. a3 {[%clk 00:57:34]} {[%emt 00:02:16]} Bxc3 {[%clk 00:51:17]}
{[%emt 00:00:31]} 13. Bxc3 {[%clk 00:56:54]} {[%emt 00:01:10]} Re8 {[%clk
00:50:00]} {[%emt 00:01:46]} 14. Qc2 {[%clk 00:48:29]} {[%emt 00:08:55]} Qd7
{[%clk 00:44:47]} {[%emt 00:05:44]} 15. Bd3 {[%clk 00:45:12]} {[%emt 00:03:43]}
Qd8 {[%clk 00:27:43]} {[%emt 00:17:38]} 16. h3 {[%clk 00:39:32]} {[%emt
00:06:09]} Qc8 {[%clk 00:26:49]} {[%emt 00:01:26]} 17. Kh2 {[%clk 00:38:41]}
{[%emt 00:01:17]} Re7 {[%clk 00:18:18]} {[%emt 00:09:03]} 18. Ne5 {[%clk
00:37:20]} {[%emt 00:01:51]} Nxe5 {[%clk 00:17:09]} {[%emt 00:01:40]} 19. Rxe5
{[%clk 00:37:37]} {[%emt 00:00:13]} c6 {[%clk 00:15:37]} {[%emt 00:02:02]} 20.
Rae1 {[%clk 00:36:51]} {[%emt 00:01:14]} Qc7 {[%clk 00:15:35]} {[%emt
00:00:34]} 21. Kg1 {[%clk 00:35:25]} {[%emt 00:01:54]} Rae8 {[%clk 00:15:28]}
{[%emt 00:00:39]} 22. Bb4 {[%clk 00:33:52]} {[%emt 00:02:03]} Rd7 {[%clk
00:15:41]} {[%emt 00:00:16]} 23. f4 {[%clk 00:33:45]} {[%emt 00:00:35]} Rdd8
{[%clk 00:14:44]} {[%emt 00:01:30]} 24. f5 {[%clk 00:24:43]} {[%emt 00:09:32]}
Bd7 {[%clk 00:14:17]} {[%emt 00:00:57]} 25. Be7 {[%emt 00:00:37]} Rc8 {[%clk
00:13:55]} {[%emt 00:00:49]} 26. R1e3 {[%clk 00:24:30]} {[%emt 00:00:34]} dxc4
{[%clk 00:07:17]} {[%emt 00:07:12]} 27. Bxc4 {[%clk 00:23:24]} {[%emt
00:01:36]} Nd5 {[%clk 00:06:35]} {[%emt 00:01:12]} 28. Bxd5 {[%clk 00:21:33]}
{[%emt 00:02:20]} cxd5 {[%clk 00:06:50]} {[%emt 00:00:17]} 29. Qe2 {[%clk
00:21:00]} {[%emt 00:00:55]} Qc6 {[%clk 00:05:44]} {[%emt 00:01:44]} 30. Rg3
{[%clk 00:18:40]} {[%emt 00:02:47]} Rc7 {[%clk 00:04:13]} {[%emt 00:02:05]} 31.
Qh5 {[%clk 00:17:37]} {[%emt 00:01:30]} Bxf5 {[%clk 00:03:26]} {[%emt
00:01:19]} 32. Bf6 {[%clk 00:14:46]} {[%emt 00:03:21]} Bg6 {[%clk 00:02:54]}
{[%emt 00:01:02]} 33. Rxe8+ {[%clk 00:13:23]} {[%emt 00:01:51]} Qxe8 {[%clk
00:03:11]} {[%emt 00:00:14]} 34. Qe5 {[%clk 00:13:19]} {[%emt 00:00:32]} Qxe5
{[%clk 00:03:00]} {[%emt 00:00:44]} 35. Bxe5 {[%clk 00:13:44]} {[%emt
00:00:05]} Rc6 {[%clk 00:02:41]} {[%emt 00:00:49]} 36. h4 {[%clk 00:13:39]}
{[%emt 00:00:35]} h5 {[%clk 00:02:35]} {[%emt 00:00:36]} 37. a4 {[%clk
00:13:40]} {[%emt 00:00:29]} a6 {[%clk 00:02:07]} {[%emt 00:00:58]} 38. b4
{[%clk 00:13:33]} {[%emt 00:00:34]} Rc4 {[%clk 00:02:03]} {[%emt 00:00:37]} 39.
Rb3 {[%clk 00:13:22]} {[%emt 00:00:40]} Bc2 {[%clk 00:01:53]} {[%emt 00:00:41]}
40. Rg3 {[%clk 00:13:32]} {[%emt 00:00:18]} g6 {[%clk 00:01:51]} {[%emt
00:00:34]} 41. Kh2 {[%clk 00:13:02]} {[%emt 00:00:59]} Bxa4 {[%clk 00:01:33]}
{[%emt 00:00:48]} 42. Ra3 {[%clk 00:13:18]} {[%emt 00:00:15]} Rxb4 {[%clk
00:00:35]} {[%emt 00:01:28]} 43. Rc3 {[%clk 00:13:40]} {[%emt 00:00:07]} Rc4
{[%clk 00:01:00]} {[%emt 00:00:05]} 44. Ra3 {[%clk 00:13:43]} {[%emt 00:00:27]}
Bb5 {[%clk 00:15:16]} {[%emt 00:01:13]} 45. Bf6 {[%clk 00:28:54]} {[%emt
00:00:19]} Rc6 {[%clk 00:15:03]} {[%emt 00:00:45]} 46. Be5 {[%clk 00:29:12]}
{[%emt 00:00:11]} Bc4 {[%clk 00:14:47]} {[%emt 00:00:46]} 47. Re3 {[%clk
00:29:30]} {[%emt 00:00:11]} Re6 {[%clk 00:14:52]} {[%emt 00:00:26]} 48. Rg3
{[%clk 00:29:39]} {[%emt 00:00:22]} b5 {[%clk 00:14:51]} {[%emt 00:00:31]} 49.
Ra3 {[%clk 00:29:52]} {[%emt 00:00:17]} b4 {[%clk 00:15:03]} {[%emt 00:00:18]}
50. Ra4 {[%clk 00:30:16]} {[%emt 00:00:05]} b3 {[%clk 00:15:17]} {[%emt
00:00:16]} 51. Rb4 {[%clk 00:30:36]} {[%emt 00:00:10]} Re8 {[%clk 00:15:11]}
{[%emt 00:00:36]} 52. Rb6 {[%clk 00:30:26]} {[%emt 00:00:38]} a5 {[%clk
00:14:58]} {[%emt 00:00:46]} 53. Bd6 {[%clk 00:30:35]} {[%emt 00:00:19]} Ra8
{[%clk 00:14:53]} {[%emt 00:00:37]} 54. Ba3 {[%clk 00:30:55]} {[%emt 00:00:11]}
a4 {[%clk 00:13:27]} {[%emt 00:01:55]} 55. Rb4 {[%clk 00:31:10]} {[%emt
00:00:15]} Kg7 {[%clk 00:13:03]} {[%emt 00:00:53]} 56. Kg3 {[%clk 00:31:21]}
{[%emt 00:00:20]} Kf6 {[%clk 00:06:38]} {[%emt 00:06:55]} 57. Kf4 {[%clk
00:31:38]} {[%emt 00:00:13]} Ra6 {[%clk 00:06:25]} {[%emt 00:00:43]} 58. Kf3
{[%clk 00:31:10]} {[%emt 00:00:57]} Kf5 {[%clk 00:06:15]} {[%emt 00:00:40]} 59.
g3 {[%clk 00:31:30]} {[%emt 00:00:10]} f6 {[%clk 00:06:02]} {[%emt 00:00:43]}
60. Kf2 {[%clk 00:31:07]} {[%emt 00:00:51]} Ke4 {[%clk 00:06:04]} {[%emt
00:00:29]} 61. Ke1 {[%clk 00:31:17]} {[%emt 00:00:21]} Kxd4 {[%clk 00:06:04]}
{[%emt 00:00:30]} 62. Kd2 {[%clk 00:31:39]} {[%emt 00:00:08]} f5 {[%clk
00:05:28]} {[%emt 00:01:07]} 63. Kd1 {[%clk 00:31:26]} {[%emt 00:00:42]} Ke3
{[%clk 00:05:34]} {[%emt 00:00:24]} 64. Ke1 {[%clk 00:31:46]} {[%emt 00:00:08]}
Kf3 {[%clk 00:06:00]} {[%emt 00:00:07]} 65. Kd2 {[%clk 00:32:02]} {[%emt
00:00:13]} Kxg3 {[%clk 00:06:22]} {[%emt 00:00:08]} 66. Kc3 {[%clk 00:32:09]}
{[%emt 00:00:24]} Kxh4 {[%clk 00:06:42]} {[%emt 00:00:10]} 67. Rb7 {[%clk
00:31:50]} {[%emt 00:00:48]} g5 {[%clk 00:07:01]} {[%emt 00:00:12]} 68. Rf7
{[%clk 00:32:08]} {[%emt 00:00:11]} f4 {[%clk 00:06:48]} {[%emt 00:00:43]} 69.
Rg7 {[%clk 00:32:26]} {[%emt 00:00:11]} g4 {[%clk 00:06:56]} {[%emt 00:00:23]}
70. Re7 {[%clk 00:32:11]} {[%emt 00:00:45]} f3 {[%clk 00:06:46]} {[%emt
00:00:41]} 71. Re1 {[%clk 00:32:21]} {[%emt 00:00:19]} f2 {[%clk 00:06:52]}
{[%emt 00:00:25]} 72. Re3 {[%clk 00:32:43]} {[%emt 00:00:08]} d4+ {[%clk
00:05:55]} {[%emt 00:01:27]} 73. Kxd4 {[%clk 00:32:57]} {[%emt 00:00:15]} Re6
{[%clk 00:05:56]} {[%emt 00:00:30]} 0-1

[Event "DEM U10 2021"]
[Site "Willingen GER"]
[Date "2021.08.28"]
[Round "9"]
[White "Vranckx, Oscar"]
[Black "Teng, David"]
[Result "1/2-1/2"]
[Termination "normal"]
[Board "14"]
[WhiteElo "1300"]
[BlackElo "1380"]
[WhiteClock "00:45:23"]
[BlackClock "00:18:13"]
[PlyCount "71"]
[WhiteFideId "34608788"]
[BlackFideId "34604570"]
[EventCountry "GER"]
[EventRounds "11"]
[EventType "swiss"]
[EventDate "2021.08.22"]

1. e4 {[%clk 01:15:59]} c5 {[%clk 01:15:57]} {[%emt 00:00:04]} 2. Nf3 {[%clk
01:16:08]} {[%emt 00:00:21]} e6 {[%clk 01:16:18]} {[%emt 00:00:09]} 3. d3
{[%clk 01:15:49]} {[%emt 00:00:48]} Nf6 {[%clk 01:15:04]} {[%emt 00:01:44]} 4.
g3 {[%clk 01:15:10]} {[%emt 00:01:10]} d5 {[%clk 01:13:43]} {[%emt 00:01:51]}
5. Nbd2 {[%clk 01:14:11]} {[%emt 00:01:28]} Be7 {[%clk 01:13:08]} {[%emt
00:01:05]} 6. Bg2 {[%clk 01:14:01]} {[%emt 00:00:38]} Nc6 {[%clk 01:11:17]}
{[%emt 00:02:23]} 7. O-O {[%clk 01:13:52]} {[%emt 00:00:33]} b6 {[%clk
01:10:14]} {[%emt 00:01:40]} 8. c3 {[%clk 01:13:22]} {[%emt 00:01:01]} Bb7
{[%clk 01:09:04]} {[%emt 00:01:39]} 9. Re1 {[%clk 01:13:01]} {[%emt 00:00:41]}
Qc7 {[%clk 01:07:37]} {[%emt 00:02:03]} 10. e5 {[%clk 01:11:33]} {[%emt
00:02:02]} Nd7 {[%clk 01:07:18]} {[%emt 00:00:48]} 11. d4 {[%clk 01:11:27]}
{[%emt 00:00:36]} O-O-O {[%clk 01:05:52]} {[%emt 00:01:56]} 12. Nf1 {[%clk
01:11:03]} {[%emt 00:00:55]} Rdg8 {[%clk 01:05:50]} {[%emt 00:00:26]} 13. Bd2
{[%clk 01:10:53]} {[%emt 00:00:46]} g5 {[%clk 01:05:51]} {[%emt 00:00:26]} 14.
Be3 {[%clk 01:08:44]} {[%emt 00:02:42]} h5 {[%clk 01:04:59]} {[%emt 00:01:20]}
15. Rc1 {[%clk 01:05:04]} {[%emt 00:04:11]} h4 {[%clk 01:00:38]} {[%emt
00:04:52]} 16. a3 {[%clk 01:02:23]} {[%emt 00:03:11]} hxg3 {[%clk 00:59:01]}
{[%emt 00:01:55]} 17. fxg3 {[%clk 01:01:10]} {[%emt 00:01:55]} g4 {[%clk
00:57:30]} {[%emt 00:01:59]} 18. N3d2 {[%clk 01:01:27]} {[%emt 00:00:15]} Kb8
{[%clk 00:53:37]} {[%emt 00:04:22]} 19. b4 {[%clk 01:01:31]} {[%emt 00:00:26]}
c4 {[%clk 00:52:01]} {[%emt 00:02:06]} 20. a4 {[%clk 00:59:48]} {[%emt
00:02:13]} Ka8 {[%clk 00:49:20]} {[%emt 00:03:11]} 21. Ra1 {[%clk 00:56:44]}
{[%emt 00:03:33]} Kb8 {[%clk 00:45:34]} {[%emt 00:04:17]} 22. Qc2 {[%clk
00:53:38]} {[%emt 00:03:35]} Nf8 {[%clk 00:38:30]} {[%emt 00:07:34]} 23. Reb1
{[%clk 00:53:17]} {[%emt 00:00:48]} Nh7 {[%clk 00:37:44]} {[%emt 00:01:19]} 24.
Qa2 {[%clk 00:51:33]} {[%emt 00:02:15]} Ng5 {[%clk 00:36:44]} {[%emt 00:01:29]}
25. a5 {[%clk 00:51:27]} {[%emt 00:00:36]} b5 {[%clk 00:35:43]} {[%emt
00:01:31]} 26. Kh1 {[%clk 00:47:26]} {[%emt 00:04:28]} a6 {[%clk 00:32:47]}
{[%emt 00:03:30]} 27. Bf4 {[%clk 00:47:07]} {[%emt 00:00:48]} Ka8 {[%clk
00:32:30]} {[%emt 00:00:47]} 28. Ne3 {[%clk 00:47:13]} {[%emt 00:00:24]} Nh3
{[%clk 00:32:21]} {[%emt 00:00:38]} 29. Bxh3 {[%clk 00:47:01]} {[%emt
00:00:43]} gxh3 {[%clk 00:31:52]} {[%emt 00:00:58]} 30. Rf1 {[%emt 00:01:16]}
Bg5 {[%clk 00:24:47]} {[%emt 00:07:02]} 31. Bxg5 {[%clk 00:47:05]} {[%emt
00:00:15]} Rxg5 {[%clk 00:25:06]} {[%emt 00:00:11]} 32. Nf3 {[%clk 00:47:12]}
{[%emt 00:00:23]} Rg7 {[%clk 00:21:55]} {[%emt 00:03:38]} 33. Qf2 {[%clk
00:47:05]} {[%emt 00:00:39]} Qe7 {[%clk 00:19:19]} {[%emt 00:03:07]} 34. Nh4
{[%clk 00:46:48]} {[%emt 00:00:46]} Rgh7 {[%clk 00:18:26]} {[%emt 00:01:23]}
35. Qf6 {[%clk 00:46:46]} {[%emt 00:00:32]} Qxf6 {[%clk 00:18:13]} {[%emt
00:00:42]} 36. Rxf6 {[%clk 00:45:23]} {[%emt 00:01:54]} 1/2-1/2

[Event "DEM U10 2021"]
[Site "Willingen GER"]
[Date "2021.08.28"]
[Round "9"]
[White "Allen, Phillipp"]
[Black "Pflugbeil, Julian"]
[Result "1-0"]
[Termination "normal"]
[Board "15"]
[WhiteElo "1510"]
[BlackElo "1368"]
[WhiteClock "00:52:08"]
[BlackClock "01:21:39"]
[PlyCount "121"]
[WhiteFideId "16272846"]
[BlackFideId "34608850"]
[EventCountry "GER"]
[EventRounds "11"]
[EventType "swiss"]
[EventDate "2021.08.22"]

1. e4 {[%clk 01:15:55]} {[%emt 00:03:40]} d6 {[%clk 01:15:34]} 2. d4 {[%clk
01:16:09]} {[%emt 00:00:41]} Nf6 {[%emt 00:00:07]} 3. Nc3 {[%clk 01:16:33]}
{[%emt 00:00:05]} g6 {[%clk 01:16:22]} {[%emt 00:00:07]} 4. f4 {[%clk
01:16:25]} {[%emt 00:00:38]} Bg7 {[%clk 01:16:46]} {[%emt 00:00:06]} 5. Nf3
{[%clk 01:16:45]} {[%emt 00:00:10]} c5 {[%clk 01:17:03]} {[%emt 00:00:13]} 6.
dxc5 {[%clk 01:16:42]} {[%emt 00:00:34]} Qa5 {[%clk 01:17:28]} {[%emt
00:00:04]} 7. cxd6 {[%clk 01:16:00]} {[%emt 00:01:11]} Nxe4 {[%clk 01:17:50]}
{[%emt 00:00:09]} 8. dxe7 {[%clk 01:16:24]} {[%emt 00:00:06]} Nxc3 {[%clk
01:18:13]} {[%emt 00:00:07]} 9. bxc3 {[%clk 01:16:20]} {[%emt 00:00:33]} Qxc3+
{[%clk 01:18:37]} {[%emt 00:00:06]} 10. Kf2 {[%clk 01:14:47]} {[%emt 00:02:03]}
Qc5+ {[%clk 01:18:59]} {[%emt 00:00:08]} 11. Be3 {[%clk 01:15:09]} {[%emt
00:00:07]} Qxe7 {[%clk 01:19:25]} {[%emt 00:00:06]} 12. Bd4 {[%clk 01:13:31]}
{[%emt 00:02:08]} O-O {[%clk 01:18:48]} {[%emt 00:01:03]} 13. Bxg7 {[%clk
01:05:27]} {[%emt 00:08:37]} Kxg7 {[%clk 01:19:12]} {[%emt 00:00:06]} 14. Qd4+
{[%clk 01:05:46]} {[%emt 00:00:12]} Kg8 {[%clk 01:19:33]} {[%emt 00:00:08]} 15.
Bc4 {[%clk 01:04:06]} {[%emt 00:02:10]} Nc6 {[%clk 01:19:07]} {[%emt 00:00:56]}
16. Qe3 {[%clk 01:03:58]} {[%emt 00:00:38]} Qxe3+ {[%clk 01:18:06]} {[%emt
00:01:32]} 17. Kxe3 {[%clk 01:04:15]} {[%emt 00:00:12]} Re8+ {[%clk 01:18:33]}
{[%emt 00:00:03]} 18. Kd2 {[%clk 01:02:31]} {[%emt 00:02:14]} Bf5 {[%clk
01:17:15]} {[%emt 00:01:47]} 19. Bd3 {[%clk 00:58:16]} {[%emt 00:04:46]} Bxd3
{[%clk 01:17:36]} {[%emt 00:00:10]} 20. cxd3 {[%clk 00:58:18]} {[%emt
00:00:28]} Rad8 {[%clk 01:17:42]} {[%emt 00:00:24]} 21. a3 {[%clk 00:58:20]}
{[%emt 00:00:28]} Re7 {[%clk 01:18:03]} {[%emt 00:00:08]} 22. Rhe1 {[%clk
00:57:42]} {[%emt 00:01:08]} Red7 {[%clk 01:14:17]} {[%emt 00:04:15]} 23. Re3
{[%clk 00:57:57]} {[%emt 00:00:15]} Ne7 {[%clk 01:14:33]} {[%emt 00:00:13]} 24.
Ne5 {[%clk 00:55:49]} {[%emt 00:02:40]} Rd6 {[%clk 01:14:15]} {[%emt 00:00:49]}
25. Nc4 {[%clk 00:56:01]} {[%emt 00:00:18]} R6d7 {[%clk 01:14:07]} {[%emt
00:00:37]} 26. Rae1 {[%clk 00:54:15]} {[%emt 00:02:16]} Nf5 {[%clk 01:14:04]}
{[%emt 00:00:33]} 27. Re8+ {[%clk 00:51:19]} {[%emt 00:03:27]} Kg7 {[%clk
01:14:09]} {[%emt 00:00:22]} 28. Rxd8 {[%clk 00:50:53]} {[%emt 00:00:59]} Rxd8
{[%clk 01:14:36]} {[%emt 00:00:02]} 29. Ne3 {[%clk 00:49:51]} {[%emt 00:01:32]}
Nxe3 {[%clk 01:14:34]} {[%emt 00:00:32]} 30. Kxe3 {[%clk 00:48:53]} {[%emt
00:01:29]} Re8+ {[%clk 01:15:00]} {[%emt 00:00:04]} 31. Kd2 {[%clk 00:49:16]}
{[%emt 00:00:06]} Rxe1 {[%clk 01:15:24]} {[%emt 00:00:07]} 32. Kxe1 {[%clk
00:49:33]} {[%emt 00:00:13]} Kf6 {[%clk 01:15:50]} {[%emt 00:00:04]} 33. Kd2
{[%clk 00:49:57]} {[%emt 00:00:06]} Ke6 {[%clk 01:16:12]} {[%emt 00:00:07]} 34.
g4 {[%clk 00:48:11]} {[%emt 00:02:16]} Kd5 {[%clk 01:15:42]} {[%emt 00:01:00]}
35. Kc3 {[%clk 00:48:19]} {[%emt 00:00:23]} a5 {[%clk 01:15:19]} {[%emt
00:00:52]} 36. a4 {[%clk 00:48:37]} {[%emt 00:00:13]} b6 {[%clk 01:15:43]}
{[%emt 00:00:06]} 37. h4 {[%clk 00:47:02]} {[%emt 00:02:05]} Kc5 {[%clk
01:15:24]} {[%emt 00:00:49]} 38. d4+ {[%clk 00:46:36]} {[%emt 00:00:55]} Kd5
{[%clk 01:15:34]} {[%emt 00:00:20]} 39. Kd3 {[%clk 00:46:58]} {[%emt 00:00:08]}
f5 {[%clk 01:15:40]} {[%emt 00:00:25]} 40. g5 {[%clk 00:47:10]} {[%emt
00:00:17]} Kc6 {[%clk 01:15:18]} {[%emt 00:00:52]} 41. Kc4 {[%clk 00:47:29]}
{[%emt 00:00:11]} Kd6 {[%clk 01:15:43]} {[%emt 00:00:05]} 42. Kb5 {[%clk
00:47:06]} {[%emt 00:00:53]} Kd5 {[%clk 01:15:50]} {[%emt 00:00:23]} 43. Kxb6
{[%clk 00:47:23]} {[%emt 00:00:13]} Kxd4 {[%clk 01:16:16]} {[%emt 00:00:04]}
44. Kxa5 {[%clk 00:47:42]} {[%emt 00:00:12]} Kc5 {[%clk 01:16:33]} {[%emt
00:00:10]} 45. Ka6 {[%clk 00:47:42]} {[%emt 00:00:33]} Kc6 {[%clk 01:16:55]}
{[%emt 00:00:08]} 46. a5 {[%clk 00:48:08]} {[%emt 00:00:04]} Kc7 {[%clk
01:17:10]} {[%emt 00:00:14]} 47. Kb5 {[%clk 00:48:31]} {[%emt 00:00:07]} Kb7
{[%clk 01:17:36]} {[%emt 00:00:04]} 48. Kc5 {[%clk 00:47:51]} {[%emt 00:01:11]}
Ka6 {[%clk 01:18:02]} {[%emt 00:00:04]} 49. Kd6 {[%clk 00:48:15]} {[%emt
00:00:05]} Kxa5 {[%clk 01:18:29]} {[%emt 00:00:03]} 50. Ke6 {[%clk 00:48:39]}
{[%emt 00:00:06]} Kb4 {[%clk 01:18:58]} {[%emt 00:00:02]} 51. Kf7 {[%clk
00:49:02]} {[%emt 00:00:07]} Kc4 {[%clk 01:19:24]} {[%emt 00:00:05]} 52. Kg7
{[%clk 00:49:26]} {[%emt 00:00:05]} Kd4 {[%clk 01:19:46]} {[%emt 00:00:08]} 53.
Kxh7 {[%clk 00:49:48]} {[%emt 00:00:08]} Ke4 {[%clk 01:20:12]} {[%emt
00:00:04]} 54. Kxg6 {[%clk 00:50:09]} {[%emt 00:00:08]} Kxf4 {[%clk 01:20:36]}
{[%emt 00:00:07]} 55. h5 {[%clk 00:50:32]} {[%emt 00:00:07]} Kg4 {[%clk
01:20:57]} {[%emt 00:00:09]} 56. h6 {[%clk 00:50:52]} {[%emt 00:00:10]} f4
{[%clk 01:21:23]} {[%emt 00:00:03]} 57. h7 {[%clk 00:51:16]} {[%emt 00:00:06]}
f3 {[%clk 01:21:49]} {[%emt 00:00:05]} 58. h8=Q {[%clk 00:51:39]} {[%emt
00:00:07]} f2 {[%clk 01:21:09]} {[%emt 00:01:10]} 59. Qf6 {[%clk 00:51:58]}
{[%emt 00:00:09]} f1=N {[%clk 01:21:14]} {[%emt 00:00:24]} 60. Qxf1 {[%clk
00:52:17]} {[%emt 00:00:13]} Kg3 {[%clk 01:21:39]} {[%emt 00:00:06]} 61. Qf5
{[%clk 00:52:08]} {[%emt 00:00:38]} 1-0